Statistiques concernant Culture Générale - Série 1308

Cliquez ici pour prendre le quiz!

Statistiques générales

  • Ce quiz a été pris 70 fois
  • Le résultat moyen est 4 sur 10

Statistiques - réponses

QuestionRéponse% Correct
Quel est le pays dont le premier empereur repose dans un mausolée gardé par 8 000 guerriers de terre cuite ?Chine
83%
Par quelle civilisation fut bâtie Chichén Itzá ?Maya
74%
Quel fondateur d'une plate-forme de média social devint, en 2008, à l'âge de 23 ans, le plus jeune milliardaire du monde ?Mark Zuckerberg
69%
Quel appareil fut d'abord présenté par Johannes Lippershey, puis amélioré par Galilée pour l'observation astronomique ?télescope
68%
Quel homme politique s'est retiré de la vie politique à la suite du premier tour des élections présidentielles de 2002 ?Lionel Jospin
66%
Quel animal est représenté sur la queue des avions de la compagnie Qantas ?kangourou
29%
Quel héros écossais Mel Gibson incarna-t-il dans Braveheart en 1995 ?William Wallace
28%
Quel inventeur fut surnommé le sorcier de Menlo Park (village du New Jersey aux USA) ?Thomas Edison
22%
Pour quelle base militaire insulaire le Japon et les États-Unis se sont-ils affrontés pendant plus de 6 mois en 1942 ?Guadalcanal
5%
Quel est le nom actuel de l'ancienne place de Grève de Paris ?place de l'Hôtel de Ville
5%

Distribution des résultats

Percentile par nombre de réponses

% des personnes avec chaque résultat

Votre développement - résultats

Vous n’avez pas pris ce quiz